A course module for National Service Training Program II (NSTP II) / Raphael M. Ferrer [and four others]. (Record no. 21261)

000 -LEADER
fixed length control field 00642nam a22001697a 4500
020 ## - INTERNATIONAL STANDARD BOOK NUMBER
ISBN 9786218167506
082 ## - DEWEY DECIMAL CLASSIFICATION NUMBER
Classification number 378.103
Item number F385 2024
100 ## - MAIN ENTRY--AUTHOR NAME
Personal name Ferrer, Raphael M., author.
245 ## - TITLE STATEMENT
Title A course module for National Service Training Program II (NSTP II) / Raphael M. Ferrer [and four others].
260 ## - PUBLICATION, DISTRIBUTION, ETC. (IMPRINT)
Place of publication Quezon City :
Name of publisher Rex Printing Company Inc.,
Year of publication ©2024.
300 ## - PHYSICAL DESCRIPTION
Number of Pages xi, 178 pages ;
Other physical details 26 cm.
500 ## - GENERAL NOTE
General note Includes bibliographical references and index.
650 ## - SUBJECT ADDED ENTRY--TOPICAL TERM
Topical Term Service training -- Philippines.
650 ## - SUBJECT ADDED ENTRY--TOPICAL TERM
Topical Term Student volunteers in social service -- Philippines.
650 ## - SUBJECT ADDED ENTRY--TOPICAL TERM
Topical Term National service -- Philippines.
942 ## - ADDED ENTRY ELEMENTS (KOHA)
Koha item type Books
Holdings
Source of acquisition Permanent Location Date acquired Koha item type Collection code Accession Number Lost status Shelving location Withdrawn status Current Location Full call number
SchoolCagayan State University - Carig Library2025-08-19BooksSocial Sciences011011 General Collection Cagayan State University - Carig Library378.103 F385 2024
SchoolCagayan State University - Carig Library2025-08-19BooksSocial Sciences011012 General Collection Cagayan State University - Carig Library378.103 F385 2024
SchoolCagayan State University - Carig Library2025-08-19BooksSocial Sciences011013 General Collection Cagayan State University - Carig Library378.103 F385 2024

Cagayan State University University Library, Carig Campus
Tuguegarao City, Cagayan 3500 | www.csucarig.edu.ph

Powered by Koha